ბათუმის შოთა რუსთაველის სახელმწიფო უნივერსიტეტის ბიბლიოთეკა

თუთიის დეფიციტი ბავშვთა ასაკში და მისი პროფილაქტიკა თუთიით ფორტიფიცირებული პროდუქტით / (ბიბ.ჩანაწერი № 51795)

000 -ლიდერი
ფიქსირებული სიგრძის საკონტროლო ველი 01703nam a2200253Ia 4500
001 - საკონტროლო ნომერი
საკონტროლო ველი 18790
003 - საკონტროლო ნომრის იდენტიფიკატორი
საკონტროლო ველი GE_BSU
005 - ბოლო ოპერაციის თარიღი და დრო
საკონტროლო ველი 20210422120437.0
008 - ფიქსირებული სიგრძის მონაცემთა ელემენტები - ზოგადი ინფორმაცია
ფიქსირებული სიგრძის საკონტროლო ველი 181216s2013||||ge |||||||||||||| ||geo||
040 ## - კატალოგიზაციის წყარო
Transcribing agency GE_BSU
041 ## - ენის კოდი
Language code of text/sound track or separate title geo
080 ## - უნივერსალური ათობითი კლასიფიკაციის ინდექსი
Universal Decimal Classification number 61 ტ-89
100 ## - მთავარი ჩანაწერი - პიროვნების სახელი
Personal name ტუკვაძე, შორენა
9 (RLIN) 11516
245 ## - ცნობა სათაურის შესახებ
Title თუთიის დეფიციტი ბავშვთა ასაკში და მისი პროფილაქტიკა თუთიით ფორტიფიცირებული პროდუქტით /
Statement of responsibility, etc შორენა ტუკვაძე; სამეცნიერო ხელმძღვანელი რევაზ კვერენჩხილაძე, რუსუდან კვანჭახაძე; თბილისის სახ-ფო სამედიცინო უნ-ტი.
264 ## - წარმოების, გამოცემის, დისტრიბუციის და სხვა ცნობები
გამოცემის, წარმოების, დისტრიბუციის... ადგილი თბილისი,
გამოცემის, წარმოების, დისტრიბუციის... თარიღი 2013
300 ## - ფიზიკური აღწერა
Extent 140 გვ. ;
Other physical details 30 სმ.
653 ## - INDEX TERM--UNCONTROLLED
Uncontrolled term დისერტაცია
653 ## - INDEX TERM--UNCONTROLLED
Uncontrolled term თუთიის დეფიციტი ბავშვთა ასაკში და მისი პროფილაქტიკა თუთიით ფორტიფიცირებული პროდუქტით
653 ## - INDEX TERM--UNCONTROLLED
Uncontrolled term მედიცინა
653 ## - INDEX TERM--UNCONTROLLED
Uncontrolled term კვების ჰიგიენა ბავშვებში
700 ## - ADDED ENTRY--PERSONAL NAME
Personal name კვერენჩხილაძე, რევაზ
Relator term სამეცნიერო ხელმძღვანელი
9 (RLIN) 11513
700 ## - ADDED ENTRY--PERSONAL NAME
Personal name კვანჭახაძე, რუსუდან
Relator term სამეცნიერო ხელმძღვანელი
9 (RLIN) 11517
942 ## - ADDED ENTRY ELEMENTS (KOHA)
Koha item type წიგნი
Source of classification or shelving scheme
ეგზემპლარები
ჩამოწერის სტატუსი დაკარგული ეგზემპლარის სტატუსი კლასიფიკაციის წყარო ან თაროზე გაწყობის სქემა დაზიანების სტატუსი არ გაიცემა მუდმივი მდებარეობა (დაცვის ადგილი) ამჟამინდელი ადგილსამყოფელი შეძენის თარიღი სრული შენახვის შიფრი შტრიხკოდი ბოლო ოპერაციის თარიღი ეგზემპლარის მიმდევრობითი ნომერი (კეტერი?) ფასის ძალაში შესვლის თარიღი ეგზემპლარის სახეობა
        შიდა ფონდი ბათუმის შოთა რუსთაველის სახელმწიფო უნივერსიტეტის მთავარი ბიბლიოთეკა ბათუმის შოთა რუსთაველის სახელმწიფო უნივერსიტეტის მთავარი ბიბლიოთეკა 2018-12-17 61 ტ-89 168 დისერტ. 2018-12-17 168 2018-12-17 დისერტაცია